Metodología general para la evaluación de proyectos de inversión pública
ISBN:
84-7433-095-5
Descripción Física:
49 p. ; 21 cm
Otros Autores:
Espanya. Ministerio de Obras Públicas y Urbanismo
MARC
| LEADER | 00000nam a2200000Ia 4500 | ||
|---|---|---|---|
| 001 | 14204 | ||
| 008 | 160829s9999 xx 000 0 cat d | ||
| 020 | |a 84-7433-095-5 | ||
| 080 | |a FU-30-5 | ||
| 245 | |a Metodología general para la evaluación de proyectos de inversión pública | ||
| 260 | |a [Madrid] : |b Ministerio de Obras Públicas y Urbanismo, Secretaría General Técnica, DL 1980 | ||
| 300 | |a 49 p. ; |c 21 cm | ||
| 650 | |a Inversions públiques |x Espanya |x Projectes |x Avaluació |9 22063 | ||
| 700 | |a Espanya. Ministerio de Obras Públicas y Urbanismo |9 26766 | ||
| 901 | |a Arxiu | ||
| 942 | |n 1 | ||
| 952 | |0 0 |1 0 |4 0 |6 FU305 |7 1 |9 44130 |a Arxiu |b Arxiu |d 2016-12-01 |l 0 |o FU-30-5 |p 14204 |r 2016-12-01 00:00:00 |w 2016-12-01 |y ARXIU | ||
| 999 | |c 46710 |d 46710 | ||